Quá trình hình thành con đường đi lên chủ nghĩa xã hội ở Việt Nam
Sách trình bày về công cuộc xây dựng chủ nghĩa xã hội ở Việt Nam từ năm 1955 đến 1993, cũng như quan niệm và con đường đi lên chủ nghĩa xã hội của Đảng
Zapisane w:
| 1. autor: | |
|---|---|
| Format: | Książka |
| Język: | Undetermined |
| Wydane: |
Hà Nội
Chính Trị Quốc Gia
1998
|
| Hasła przedmiotowe: | |
| Etykiety: |
Dodaj etykietę
Nie ma etykietki, Dołącz pierwszą etykiete!
|
| Thư viện lưu trữ: | Trung tâm Học liệu Trường Đại học Cần Thơ |
|---|
| LEADER | 00788nam a2200181Ia 4500 | ||
|---|---|---|---|
| 001 | CTU_29746 | ||
| 008 | 210402s9999 xx 000 0 und d | ||
| 082 | |a 320.531 | ||
| 082 | |b T513 | ||
| 100 | |a Đào Duy Tùng | ||
| 245 | 0 | |a Quá trình hình thành con đường đi lên chủ nghĩa xã hội ở Việt Nam | |
| 245 | 0 | |c Đào Duy Tùng | |
| 260 | |a Hà Nội | ||
| 260 | |b Chính Trị Quốc Gia | ||
| 260 | |c 1998 | ||
| 520 | |a Sách trình bày về công cuộc xây dựng chủ nghĩa xã hội ở Việt Nam từ năm 1955 đến 1993, cũng như quan niệm và con đường đi lên chủ nghĩa xã hội của Đảng | ||
| 650 | |a socialism | ||
| 980 | |a Trung tâm Học liệu Trường Đại học Cần Thơ | ||